|
|
|
|
| LEADER |
00000nam a22000007a 4500 |
| 005 |
20210617223530.0 |
| 007 |
cr|||| |||| |
| 008 |
210617s2016 br |||||s|||| 00||0 por d |
| 020 |
|
|
|a 978-85-8310-058-4
|
| 035 |
|
|
|a 33580
|
| 040 |
|
|
|a vLex
|
| 090 |
|
|
|c 11810
|d 11810
|
| 100 |
1 |
|
|a Mendes Moreira, Andř
|
| 245 |
1 |
1 |
|a A tributaȯ̂ dos serviȯs de comunicaȯ̂
|h [Recurso electrn̤ico] :
|b 2® ediȯ̂ revista e atualizada /
|c Andr ̌Mendes Moreira
|
| 250 |
|
|
|a 2da. edicin̤
|
| 256 |
|
|
|a Servicio en ln̕ea
|
| 260 |
|
|
|a San Pablo:
|b Editora Noeses,
|c 2016
|
| 300 |
|
|
|a 1 recurso electrn̤ico
|
| 506 |
1 |
|
|a Disponible solo en los productos indicados
|d vLex Global
|d vLex Global (Academic Edition, excluding Law Schools)
|d vLex Global (U.S. Academic Edition, Law Schools)
|d vLex Global (U.S. Academic Edition, excluding Law Schools)
|d vLex Global (Academic Edition, Law Schools)
|
| 650 |
0 |
4 |
|a Derecho Fiscal
|z Brasil
|
| 740 |
0 |
|
|a vLex Libros (Servicio en ln̕ea)
|
| 856 |
4 |
0 |
|u https://vlex.com/source/tributa-o-servi-os-comunica-o-2-edi-o-revista-atualizada-33580
|z Acceso restringido
|
| 942 |
|
|
|c BOOK
|
| 999 |
0 |
|
|a Tax Law
|